20 Most Common Girls Names 2024 USA - Statistics

General Stats
  • This quiz has been taken 167 times
  • The average score is 9 of 20
Answer Stats
Answer % Correct
Emma
80%
Olivia
71%
Ava
69%
Sophia
69%
Mia
60%
Amelia
56%
Charlotte
56%
Ella
56%
Isabella
56%
Lilly
56%
Harper
44%
Evelyn
43%
Luna
42%
Ellie
36%
Violet
35%
Avery
33%
Gianna
28%
Aurora
23%
Camila
20%
Elena
12%
No matching quizzes found
Score Distribution
Percent of People with Each Score
Percentile by Number Answered
Your Score History
You have not taken this quiz